000 00731nam a22002177a 4500
003 OSt
005 20240718065551.0
008 240718b |||||||| |||| 00| 0 eng d
020 _a978-1-78309-504-9
040 _aDWC- Main Lib
_cOC
082 _aCirc. 418.0071 B623w 2016
100 _aBitchener , John
245 _aWritten corrective feedback for L2 development/
_cJohn Bitchener
260 _aBritol, Buffalo:
_bMultilingual Matters,
_cc2016.
300 _avii, 137 pages :
_billustrations ;
_c24cm.
504 _aIncludes bibliographical references and index.
650 _a1. Written communication
650 _a2. Language -- Study and teaching
650 _a3. Second language acquisition
942 _2ddc
_cBK-CIRC
_n1
999 _c2374
_d2374